1391 1343 1578 1427 1511 1294 1713 1711 1099 1480 1077 1225 1237 1831 1330 1561 1788 1740 1696 1072 1943 1590 1460 1126 1868 1645 1950 1571 1114 1743 1291 1167 1208 1444 1073 1110 1883 1672 1001 1903 1405 1814 1416 1541 1786 1976 1588 1155 1049 1701 1117 1139 1512 1343 1609 1382 1792 1369 1581 1738 1194 1444 1855 1578 1200 1026 1090 1317 1977 1116 1906 1600 1695 1905 1880 1643 1355 1855 1686 1114 1712 1203 1307 1405 1180 1870 1020 1782 1439 1991 1329 1392 1720 1896 1680 1292 1151 1194 1014 BCNSPRNW ULIB Ver.6.0+V

เปลี่ยนเป็นภาษาไทย

Change to English
 แสดงรายละเอียดบรรณานุกรม
  กลับหน้าหลัก

Brief Record : Get Marc (ISO 2709) : E-mail record : QR code < ปิดหน้าต่าง
LEADER : 00000nam 2200000uu 4500
001    13399126936
003     ULIB
008    190909s2560||||th 000 0 tha d
020    ^a9786163983336
060 04 ^aWY152^bศ481ก
100 0  ^aศิริรัตน์ ปานอุทัย,บรรณาธิการ
245 02 ^aการพยาบาลผู้สูงอายุ เล่ม 2 /^cศิริรัตน์ ปานอุทัย,บรรณาธิการ
250    ^aพิมพ์ครั้งที่ 2
260    ^aเชียงใหม่ :^bสมาร์ทโคตติ้ง แอนด์ เซอร์วิส,^c2560.
300    ^a196 หน้า:^c26ซม.
650  7 ^aผู้สูงอายุ^xการพยาบาล
710 2  ^aมหาวิทยาลัยเชียงใหม่. ^bคณะพยาบาลศาสตร์
945    ^p250^l0^i005884
945    ^p250^l0^i005883
945    ^p250^l0^i005882
945    ^p250^l0^i005886
945    ^p250^l0^i005881
945    ^p250^l0^i005892
945    ^p250^l0^i005891
945    ^p250^l0^i005890
945    ^p250^l0^i005889
945    ^p250^l0^i005894
945    ^p250^l0^i005893
945    ^p250^l0^i005885
945    ^p250^l0^i005880
945    ^p250^l0^i005888
945    ^p250^l0^i005887
999    ^aประนอม เกษจรัล
รายการนี้ยังไม่มีแท็ก
คุณยังไม่ได้ล็อกอิน คุณสามารถมีกิจกรรมร่วมกับเว็บไซต์ได้ แต่ต้องล็อกอินก่อน ::
  ล็อกอิน

รายการสื่อสารสนเทศ

ลำดับที่ ประเภท เลขเรียก/บาร์โค้ด สถานที่ สถานะ
1. Book การพยาบาล
หนังสือสำรอง
สถานะ=หนังสือสำรอง
WY152 ศ481ก ฉ.1 
  Barcode: 005880
ห้องสมุดวิทยาเขตสวรรค์ประชารักษ์
►หนังสือทั่วไป
บนชั้น
2. Book การพยาบาล
Book การพยาบาล
WY152 ศ481ก ฉ.10 
  Barcode: 005889
ห้องสมุดวิทยาเขตสวรรค์ประชารักษ์
►หนังสือทั่วไป
บนชั้น
3. Book การพยาบาล
Book การพยาบาล
WY152 ศ481ก ฉ.11 
  Barcode: 005890
ห้องสมุดวิทยาเขตสวรรค์ประชารักษ์
►หนังสือทั่วไป
บนชั้น
4. Book การพยาบาล
Book การพยาบาล
WY152 ศ481ก ฉ.12 
  Barcode: 005891
ห้องสมุดวิทยาเขตสวรรค์ประชารักษ์
►หนังสือทั่วไป
บนชั้น
5. Book การพยาบาล
Book การพยาบาล
WY152 ศ481ก ฉ.13 
  Barcode: 005892
ห้องสมุดวิทยาเขตสวรรค์ประชารักษ์
►หนังสือทั่วไป
บนชั้น
6. Book การพยาบาล
Book การพยาบาล
WY152 ศ481ก ฉ.14 
  Barcode: 005893
ห้องสมุดวิทยาเขตสวรรค์ประชารักษ์
►หนังสือทั่วไป
บนชั้น
7. Book การพยาบาล
Book การพยาบาล
WY152 ศ481ก ฉ.15 
  Barcode: 005894
ห้องสมุดวิทยาเขตสวรรค์ประชารักษ์
►หนังสือทั่วไป
บนชั้น
8. Book การพยาบาล
Book การพยาบาล
WY152 ศ481ก ฉ.2 
  Barcode: 005881
ห้องสมุดวิทยาเขตสวรรค์ประชารักษ์
►หนังสือทั่วไป
บนชั้น
9. Book การพยาบาล
Book การพยาบาล
WY152 ศ481ก ฉ.3 
  Barcode: 005882
ห้องสมุดวิทยาเขตสวรรค์ประชารักษ์
►หนังสือทั่วไป
บนชั้น
10. Book การพยาบาล
Book การพยาบาล
WY152 ศ481ก ฉ.4 
  Barcode: 005883
ห้องสมุดวิทยาเขตสวรรค์ประชารักษ์
►หนังสือทั่วไป
บนชั้น
11. Book การพยาบาล
Book การพยาบาล
WY152 ศ481ก ฉ.5 
  Barcode: 005884
ห้องสมุดวิทยาเขตสวรรค์ประชารักษ์
►หนังสือทั่วไป
บนชั้น
12. Book การพยาบาล
Book การพยาบาล
WY152 ศ481ก ฉ.6 
  Barcode: 005885
ห้องสมุดวิทยาเขตสวรรค์ประชารักษ์
►หนังสือทั่วไป
บนชั้น
13. Book การพยาบาล
Book การพยาบาล
WY152 ศ481ก ฉ.7 
  Barcode: 005886
ห้องสมุดวิทยาเขตสวรรค์ประชารักษ์
►หนังสือทั่วไป
บนชั้น
14. Book การพยาบาล
Book การพยาบาล
WY152 ศ481ก ฉ.8 
  Barcode: 005887
ห้องสมุดวิทยาเขตสวรรค์ประชารักษ์
►หนังสือทั่วไป
บนชั้น
15. Book การพยาบาล
Book การพยาบาล
WY152 ศ481ก ฉ.9 
  Barcode: 005888
ห้องสมุดวิทยาเขตสวรรค์ประชารักษ์
►หนังสือทั่วไป
บนชั้น

รายการใกล้เคียง
    ผู้แต่ง [ศิริรัตน์ ปานอุทัย,บรรณาธิการ]

BibComment


ยังไม่เคยถูกคอมเมนท์

คอมเมนท์ทรัพยากรรายการนี้
  คอมเมนท์: การพยาบาลผู้สูงอ..


 Copyright 2026. Bcnsprnw @Library